|
|
|
|
| LEADER |
01401nam a2200337 4500 |
| 001 |
DLU170182035 |
| 005 |
##20171123 |
| 020 |
# |
# |
|a 9786047845262
|
| 040 |
# |
# |
|a DLU
|b vie
|
| 041 |
# |
# |
|a vie
|
| 044 |
# |
# |
|a vn
|
| 082 |
# |
# |
|a 391.009 597
|b NG-H
|
| 100 |
# |
# |
|a Nguyễn Thị Hoa.
|
| 245 |
# |
# |
|a Trang phục của người HMông đen ở huyện Sa Pa, tỉnh Lào Cai /
|c Nguyễn Thị Hoa.
|
| 246 |
# |
# |
|a Trang phục của người H'Mông đen ở huyện Sa Pa, tỉnh Lào Cai
|
| 260 |
# |
# |
|a H. :
|b Mỹ thuật,
|c 2016.
|
| 300 |
# |
# |
|a 303 tr. :
|b minh họa ;
|c 21 cm.
|
| 504 |
# |
# |
|a Tài liệu tham khảo: tr.247-248.
|
| 505 |
# |
# |
|a Chương 1. Một số vấn đề chung về trang phục và khái quát về người H'Mông đen ở huyện Sa Pa, tỉnh Lào Cai -- Chương 2. Quy trình tạo ra trang phục và đồ trang sức -- Chương 3. Các loại trang phục của người H'Mông đen ở huyện Sa Pa, tỉnh Lào Cai -- Chương 4. Nghệ thuật trang trí trên trang phục và sự biến đổi của trang phục H'Mông đen hiện nay.
|
| 650 |
# |
# |
|a H'Mông (Dân tộc Châu Á)
|z Việt Nam
|z Lào Cai
|x Trang phục.
|
| 923 |
# |
# |
|a 01/2017
|
| 991 |
# |
# |
|a SH
|
| 992 |
# |
# |
|a 12000
|
| 994 |
# |
# |
|a DLU
|
| 900 |
# |
# |
|a True
|
| 911 |
# |
# |
|a Nguyễn Thanh Hương
|
| 925 |
# |
# |
|a G
|
| 926 |
# |
# |
|a A
|
| 927 |
# |
# |
|a SH
|
| 980 |
# |
# |
|a Thư viện Trường Đại học Đà Lạt
|